[Event "Duesseldorf-ch"]
[Site "Duesseldorf"]
[Date "2005.11.25"]
[Round "9.12"]
[White "Peters, Heinz"]
[Black "Nierobisch, Gregor"]
[Result "1-0"]
[WhiteElo "1474"]
[BlackElo "1445"]
[PlyCount "55"]
[EventDate "2005.09.02"]
[EventType "swiss"]
[EventRounds "9"]
[EventCountry "GER"]
[SourceTitle "EXT 2006"]
[Source "ChessBase"]
[SourceDate "2005.11.24"]
[SourceVersion "1"]
[SourceVersionDate "2005.11.24"]
[SourceQuality "1"]

1. e4 e5 2. Nf3 Nc6 3. Bc4 Bc5 4. Nc3 Nf6 5. d3 0-0 6. 0-0 d6 7. h3 h6 8. a3 a6 9. Be3 Bxe3 10. fxe3 b5 11. Ba2 Bb7 12. Nd5 Nxd5 13. Bxd5 Ra7 14. b4 Ne7 15. Bb3 c6 16. Qe1 Ng6 17. Qg3 Kh8 18. Bxf7 Rxf7 19. Qxg6 Rf6 20. Qg3 Qe8 21. Nh4 Qe6 22. Rxf6 Qxf6 23. Rf1 Qd8 24. Rf7 Qg8 25. Qg6 c5 26. Nf5 Bxe4 27. Rxa7 Bxf5 28. Qxf5 1-0

[Event "Duesseldorf-ch"]
[Site "Duesseldorf"]
[Date "2005.11.04"]
[Round "7.10"]
[White "Spaete, Erwin"]
[Black "Peters, Heinz"]
[Result "1/2-1/2"]
[WhiteElo "1603"]
[BlackElo "1474"]
[PlyCount "64"]
[EventDate "2005.09.02"]
[EventType "swiss"]
[EventRounds "9"]
[EventCountry "GER"]
[SourceTitle "EXT 2006"]
[Source "ChessBase"]
[SourceDate "2005.11.24"]
[SourceVersion "1"]
[SourceVersionDate "2005.11.24"]
[SourceQuality "1"]

1. d4 d5 2. e4 dxe4 3. Nc3 Nf6 4. f3 exf3 5. Nxf3 Bg4 6. h3 Bh5 7. g4 Bg6 8. Ne5 e6 9. h4 Be4 10. Nxe4 Nxe4 11. Qf3 Nd6 12. Bg2 c6 13. 0-0 f6 14. Nd3 Nd7 15. Nf4 Qe7 16. Re1 e5 17. d5 c5 18. Ne6 Nb6 19. Qa3 Ndc4 20. Qd3 Rc8 21. b3 Nd6 22. c4 Na8 23. Be3 b6 24. g5 Nc7 25. Bh3 e4 26. Qd2 f5 27. Rad1 g6 28. Qb2 Rg8 29. Nxf8 Kxf8 30. Bf4 Re8 31. Qh2 Rd8 32. Be5 Nce8 1/2-1/2

[Event "Duesseldorf-ch"]
[Site "Duesseldorf"]
[Date "2005.10.28"]
[Round "6.8"]
[White "Peters, Heinz"]
[Black "Gailis, Gunnar"]
[Result "0-1"]
[WhiteElo "1474"]
[BlackElo "1671"]
[PlyCount "106"]
[EventDate "2005.09.02"]
[EventType "swiss"]
[EventRounds "9"]
[EventCountry "GER"]
[SourceTitle "EXT 2006"]
[Source "ChessBase"]
[SourceDate "2005.11.24"]
[SourceVersion "1"]
[SourceVersionDate "2005.11.24"]
[SourceQuality "1"]

1. e4 c5 2. Nc3 a6 3. b3 d6 4. Nf3 Nc6 5. Bb2 Nf6 6. d3 e6 7. Be2 Be7 8. 0-0 0-0 9. h3 Nd7 10. Nh2 Bf6 11. Ng4 Bd4 12. Qc1 b5 13. Nd1 f5 14. exf5 exf5 15. Nh2 Bxb2 16. Qxb2 Nd4 17. Bf3 Nxf3+ 18. Nxf3 Bb7 19. Ne1 Qg5 20. f3 f4 21. c4 Rfe8 22. Nc3 Qe5 23. Nd1 Qxb2 24. Nxb2 Re2 25. Nd1 b4 26. Nf2 Ne5 27. Ne4 Bxe4 28. dxe4 Rd2 29. Rf2 Rxf2 30. Kxf2 Kf7 31. Rd1 Ke6 32. g3 fxg3+ 33. Kxg3 g5 34. Nd3 Nf7 35. Kg4 a5 36. Nb2 Ne5+ 37. Kg3 Rf8 38. Rf1 h5 39. h4 gxh4+ 40. Kxh4 Rxf3 41. Rxf3 Nxf3+ 42. Kxh5 Nd2 43. Nd3 Nxe4 44. Kg4 Nc3 45. Nc1 Ke5 46. Kg5 Kd4 47. Kf5 d5 48. cxd5 Nxd5 49. Ke6 Nc3 50. Kd6 c4 51. Kc6 Nxa2 52. Ne2+ Ke3 53. bxc4 Kxe2 0-1